000 00934nam a22002417a 4500
999 _c13885
_d13885
003 AR-CdUCM
008 190416b ||||| |||| 00| 0 spa d
040 _aMUNICIPALIDAD PROVINCIAL DEL CUSCO
_cBIBLIOTECA MUNICIPAL DEL CUSCO
082 _aC / 985.018 /
_bV21
100 _aValencia Zegarra, Alfredo
_918086
245 _aMarcavalle :
_bEl rostro oculto del Cusco /
260 _aCusco :
_bInstituto Regional de Cultura de la Región Inka,
_c1991.
300 _bilustraciones, planos, fotografías,
_c29 cm.
500 _aTexto no cuenta con numeración de páginas.
505 _aContenido: El fundamento científico -- El fundamento legal -- Documentos para la defensa de Marcavalle.
650 _aCusco
_9772
650 _aArqueología Cusqueña
_99322
650 _aMarcavalle
_932491
650 _aHistoria
_9136
700 _aGibaja Oviedo, Arminda (coautora)
_932492
942 _2ddc
_cLIBROS
945 _aachl
_d2019-04-16